| 000 | 01812nam a22002897a 4500 | ||
|---|---|---|---|
| 005 | 20111115105736.0 | ||
| 010 | _aENG-104099 B-459121-125 | ||
| 020 |
_a9788184301137 _c200.00 |
||
| 035 | _aEN-87632 B-459121-125 | ||
| 037 | _bDBAD/PUB | ||
| 037 | _bAllied Pub/Ven | ||
| 082 | _a617.092 | ||
| 100 |
_aKhadilkar, Reina _947223 |
||
| 245 |
_aOh ! to be a lady surgeon / _cby Reina Khadilkar |
||
| 260 |
_aNew Delhi _bOcean Books _c2011 |
||
| 270 |
_a4/19, Asaf Ali Road _bNew Delhi _e110002 |
||
| 300 |
_a136p. _c22cm (Hb) |
||
| 700 | _935820 | ||
| 942 |
_2ddc _cEN _h617.092 _mKHA |
||
| 999 |
_c58364 _d58364 |
||